Vainqueurs de la ligue des champions click quiz - Statistiques

Statistiques générales
  • Ce quiz a été pris 78 fois
  • Le résultat moyen est 27 sur 68
Statistiques - réponses
Hint Réponse % Correct
2016/17 Real Madrid
64%
2022/23 Manchester city
60%
2017/18 Real Madrid
60%
2013/14 Real Madrid
58%
2007/08 Manchester United
56%
1999/00 Real Madrid
56%
2021/22 Real Madrid
56%
2006/07 AC Milan
53%
2018/19 Liverpool
53%
1955/56 Real Madrid
53%
2008/09 FC Barcelone
51%
2014/15 FC Barcelone
51%
1998/99 Manchester United
51%
1992/93 Olympique de Marseille
51%
1957/58 Real Madrid
51%
1997/98 Real Madrid
51%
2015/16 Real Madrid
51%
2012/13 Bayern Munich
49%
2019/20 Bayern Munich
49%
1959/60 Real Madrid
49%
2001/02 Real Madrid
49%
1958/59 Real Madrid
47%
2020/21 Chelsea
44%
2005/06 FC Barcelone
44%
2003/04 FC Porto
44%
2002/03 AC Milan
42%
2000/01 Bayern Munich
42%
2009/10 Inter Milan
42%
2004/05 Liverpool
42%
1974/75 Bayern Munich
40%
1996/97 Borussia Dortmund
40%
1956/57 Real Madrid
40%
1989/90 AC Milan
38%
1970/71 Ajax
38%
1971/72 Ajax
38%
1972/73 Ajax
38%
1985/86 Steaua Bucarest
38%
1988/89 AC Milan
36%
1993/94 AC Milan
36%
1994/95 Ajax
36%
1990/91 Etoile rouge de Belgrade
36%
2010/11 FC Barcelone
36%
1995/96 Juventus
36%
1978/79 Nottingham Forest
36%
1960/61 SL Benfica
36%
1961/62 SL Benfica
36%
1981/82 Aston Villa
33%
2011/12 Chelsea
33%
1991/92 FC Barcelone
33%
1979/80 Nottingham Forest
33%
1975/76 Bayern Munich
31%
1984/85 Juventus
31%
1962/63 AC Milan
29%
1968/69 AC Milan
29%
1986/87 FC Porto
29%
1969/70 Feyenoord
29%
1982/83 Hambourg SV
29%
1976/77 Liverpool
29%
1980/81 Liverpool
29%
1983/84 Liverpool
29%
1987/88 PSV
29%
1965/66 Real Madrid
29%
1966/67 Celtic Glasgow
27%
1963/64 Inter Milan
27%
1964/65 Inter Milan
27%
1967/68 Manchester United
27%
1973/74 Bayern Munich
24%
1977/78 Liverpool
24%
Aucun quiz correspondant
Distribution des résultats
% des personnes avec chaque résultat
Percentile par nombre de réponses
Votre historique - résultats
Vous n’avez pas pris ce quiz